| LEADER |
00897nam0a2200205 450 |
| 001 |
16839286 |
| 010 |
|
|
|a 979-10-91180-53-5
|b cart.
|d 19,9
|
| 100 |
|
|
|a 20210603d2021 u u0frey01 ba
|
| 101 |
0 |
|
|a fre
|
| 102 |
|
|
|a FR
|
| 200 |
0 |
|
|a Il était une forme
|f écrit et illustré par Gazhole & Cruschiform
|
| 207 |
|
1 |
|a
|
| 210 |
|
|
|c Maison Georges
|d 2021
|
| 215 |
|
|
|a 1 vol. (56 p.)
|c illustrations en couleur
|d 28 cm
|
| 330 |
|
|
|a Le roi et la reine du royaume des formes attendent la venue d'un successeur aux angles bien droits. Malheureusement, leurs enfants sont plutôt ronds, et ils désespèrent de donner naissance au polygone idéal susceptible d'accéder au trône. Electre 2021
|
| 700 |
|
0 |
|a Cruschiform
|4 70
|
| 701 |
|
0 |
|a Gazhole
|4 440
|
| 900 |
|
|
|a Conte
|
| 901 |
|
|
|a Accessible au prêt
|
| 995 |
|
|
|a Bibliothèque
|c Bibliothèque
|f 00156012309589
|h 00156012309589
|k C CRU
|o p
|q j
|r az
|e Bibliothèque
|